Culture générale - Quiz #47 - Statistiques

Statistiques générales
  • Ce quiz a été pris 59 410 fois
  • Le résultat moyen est 11 sur 20
Statistiques - réponses
Question Réponse % Correct
En quelle année Christophe Colomb a-t-il "découvert" l'Amérique ? 1492
90%
Quelle chanteuse britannique compte parmi ses titres "Someone Like You" et "Rolling in the Deep" ? Adele
86%
Donnez un département français de trois lettres. Ain | Lot | Var
86%
Pour quelle école partez-vous si vous prenez le train de la voie 9 ¾ à la gare de King's Cross ? Poudlard
81%
Quel nom est communément donné à l'abominable homme des neiges ? Yéti
79%
Quel type de récit est associé à Ésope et La Fontaine? Fable
75%
Qui est né en Argentine, a été révolutionnaire communiste à Cuba, et fut exécuté en Bolivie ? Che Guevara
70%
Quel est le nom de la mafia japonaise ? Yakuza
65%
Qui doit manger des fruits dans un labyrinthe sans se faire attraper par des fantômes ? Pac-Man
62%
Que sont Rigel, Bételgeuse et Sirius? Des étoiles
57%
Quelle est la langue officielle de l'Angola et du Mozambique ? Portugais
57%
Quel pays est relié à Singapour par des ponts ? Malaisie
56%
Quel est le nom de l'homme qui se change en Hulk ? Bruce Banner
45%
De quelle langue proviennent les termes "kenavo" et "demat" ? Breton
39%
Sous quel nom signifiant "l'enfant" est connu la perturbation climatique causant le réchauffement des eaux du Pacifique au large de l'Amérique du Sud ? El Niño
37%
Sous quel nom était mieux connu le duo formé par Thomas Bangalter et Guy-Manuel de Homem-Christo ? Daft Punk
36%
Quelle est la capitale du Salvador ? San Salvador
34%
Quel mot est à la fois le nom d'un volcan, d'une entreprise d'appareils photos, et un type de pommes ? Fuji
20%
Quelle recette emblématique de la cuisine antillaise est préparée à l'aide d'un mélange d'épices dérivant du curry ? Colombo
16%
Quel président français fut fortement moqué pour avoir chuté d'un train en pyjama en 1920 ? Paul Deschanel
13%
Aucun quiz correspondant
Distribution des résultats
% des personnes avec chaque résultat
Percentile par nombre de réponses
Votre historique - résultats
Vous n’avez pas pris ce quiz